Statistics for Football team Anagrams 2

Click here to take the quiz!

General Stats

  • This quiz has been taken 416 times
  • The average score is 9 of 12

Answer Stats

AnagramFootball team% Correct
SouptonthamSouthampton
99%
XajaAjax
99%
HalfumFulham
92%
VerliooplLiverpool
90%
ConamoMonaco
89%
Lear TebisReal Betis
80%
DanderslunSunderland
79%
Termanches TeduniManchester United
74%
TrepsonPreston
71%
ArrvillaalVillarreal
50%
DhamolOldham
35%
PertomnelliMontpellier
33%

Score Distribution

Percentile by Number Answered

Percent of People with Each Score

Your Score History

You have not taken this quiz